Check-list of the fishes of the North-eastern Atlantic and of the Mediterranean. Catalogue des poissons de l'Atlantique du nord-est et de la Méditerranée

Saved in:
Bibliographic Details
Main Authors: Hureau, J. C (Author), Monod, Théodore (Author)
Format: Book
Language:English
Published: París Unesco 1973
Subjects:
Tags: Add Tag
No Tags, Be the first to tag this record!

MARC

LEADER 00000nam a2200000 a 4500
001 UCI0864
003 CL-VaPUC
008 070601e19730000FR |||||||||||||||||eng|d
020 |a 9230011002 
082 0 4 |a 597.092  |b HUR  |2 21 
100 |a Hureau, J. C  |e author  |9 521032 
700 0 |a Monod, Théodore   |e author  |9 521033 
245 1 0 |a Check-list of the fishes of the North-eastern Atlantic and of the Mediterranean. Catalogue des poissons de l'Atlantique du nord-est et de la Méditerranée 
300 |a 331 p 
942 |c BK 
945 |d 20070601 00:00:00  |a jtorresc 
260 |a París  |b Unesco  |c 1973 
650 7 |a PECES MARINOS  |2 CL-VaPUC  |9 521034 
650 7 |a PESCADOS  |2 CL-VaPUC  |9 371658 
650 7 |a MAR MEDITERRANEO  |2 CL-VaPUC  |9 260004 
650 0 |a Distribución geográfica  |9 260005 
650 7 |a OCEANO ATLANTICO  |2 CL-VaPUC  |9 259947 
650 0 |a Catálogos  |9 256258 
651 0 |a Europa  |9 255156 
583 |a last modification  |c 20070601 00:00:00  |k Rodrigo Vera 
999 |c 325838  |d 325836